000 00604nam a22001937a 4500
999 _c196257
_d196257
005 20230608105723.0
010 _aUR-12040
020 _a9789391238445
_c150.00
035 _aU-10595
037 _bDBAD/PUB
082 _a841
100 _aشاہد جمیل
245 _aموسم کی رفتار /
_cشاہد جمیل
246 _aMausam ki raftaar /
_bby Shahid Jameel
260 _aNew Delhi
_bEducational Publishing House
_c2021 ء
270 _aH.o. D1/16, Ansari Road, Darya Ganj
_bNew Delhi
_e110002
300 _a80 ص
_c23cm(Hb)
942 _2ddc
_cUR
_mش ا ہ
_e
_h841